| 000 | 01311nam0a2200301 4500 | ||
|---|---|---|---|
| 001 | RU\NLR\bibl\1210011 | ||
| 005 | 20250615104454.0 | ||
| 010 |
_a5-93461-321-9 _9200 |
||
| 021 |
_aRU _b2008-10155 _9563 |
||
| 035 | _a(NLR Aleph) 001196439 | ||
| 090 |
_a1749869 _c1749869 |
||
| 100 | _a20080404d2007 |||y0rusy50 ca | ||
| 101 | 0 | _arus | |
| 102 | _aRU | ||
| 105 | _aa ||||||||| | ||
| 200 | 1 |
_aТрудовое право _eконспект лекций _eучебное пособие _fМ.А. Горожанкина _gСиб. гос. ун-т путей сообщ. |
|
| 210 |
_aНовосибирск _cСибирский государственный университет путей сообщения _d2007 |
||
| 215 |
_a117 с. _cил. _d21 |
||
| 320 | _aБиблиогр.: с. 115-116 | ||
| 606 | 1 |
_aТрудовое право _jУчебные издания для высших учебных заведений _yРоссийская Федерация _92071166 _3RU\NLR\auth\661245915 |
|
| 686 | _aХ627я73 | ||
| 700 | 1 |
_4070 _aГорожанкина _bМ. А. _cканд. юрид. наук _gМарина Анатольевна _9212771 _3RU\NLR\AUTH\770212827 |
|
| 801 | 0 |
_aRU _bNLR _c20080404 _gRCR |
|
| 801 | 1 |
_aRU _bNLR _c20080404 |
|
| 942 | _cBOOK | ||
| 980 | _aNB | ||